| Tag |
First Indicator |
Second Indicator |
Subfields |
| LEADER |
00000cam a2200000Ki 4500 |
| 001 |
in00003549821 |
| 006 |
m o d |
| 007 |
cr cnu---unuuu |
| 008 |
140711s2004 gw a ob 001 0 eng d |
| 005 |
20260420201350.7 |
| 020 |
|
|
|a 9783662089880 (electronic bk.)
|
| 020 |
|
|
|a 3662089882 (electronic bk.)
|
| 020 |
|
|
|z 3540405178
|
| 020 |
|
|
|z 9783540405177
|
| 024 |
7 |
|
|a 10.1007/978-3-662-08988-0
|2 doi
|
| 035 |
|
|
|a (OCoLC)883382143
|
| 040 |
|
|
|a GW5XE
|b eng
|e rda
|e pn
|c GW5XE
|d UtOrBLW
|
| 049 |
|
|
|a TXAM
|
| 050 |
|
4 |
|a TL698
|b .N68 2004eb
|
| 072 |
|
7 |
|a TA
|2 lcco
|
| 082 |
0 |
4 |
|a 629.134/5
|2 22
|
| 084 |
|
|
|a UQ 1100
|2 rvk
|
| 084 |
|
|
|a ZM 3700
|2 rvk
|
| 245 |
0 |
0 |
|a Nondestructive materials characterization :
|b with applications to aerospace materials /
|c Norbert G.H. Meyendorf, Peter B. Nagy, Stanislav I. Rokhlin (eds.).
|
| 264 |
|
1 |
|a Berlin ;
|a New York :
|b Springer-Verlag,
|c [2004]
|
| 264 |
|
4 |
|c ©2004
|
| 300 |
|
|
|a 1 online resource (xvii, 416 pages) :
|b illustrations.
|
| 336 |
|
|
|a text
|b txt
|2 rdacontent
|
| 337 |
|
|
|a computer
|b c
|2 rdamedia
|
| 338 |
|
|
|a online resource
|b cr
|2 rdacarrier
|
| 490 |
1 |
|
|a Springer series in materials science,
|x 0933-033X ;
|v volume 67
|
| 504 |
|
|
|a Includes bibliographical references and index.
|
| 505 |
0 |
0 |
|g 1.
|t Degradation of Aircraft Structures --
|g 2.
|t Optical Detection of Surface Damage --
|g 3.
|t Microradiographic and Foil Penetration Methods for Quantification of Localized Corrosion --
|g 4.
|t Interferometric and Holographic Imaging of Surface Wave Patterns for Characterization of Material Degradation --
|g 5.
|t Surface Acoustic Wave Characterization of Pitting Corrosion Damage with Fatigue Crack
|
| 520 |
|
|
|a With an emphasis on aircraft materials, this book describes techniques for the material characterization to detect and quantify degradation processes such as corrosion and fatigue. It introduces readers to these techniques based on x-ray, ultrasonic, optical and thermal principles and demonstrates the potential of the techniques for a wide variety of applications concerning aircraft materials, especially aluminum and titanium alloys. The advantages and disadvantages of various techniques are evaluated. An introductory chapter describes the typical degradation mechanisms that must be considered and the microstructure features that have to be detected by NDE methods. Finally, some approaches for making lifetime predictions are discussed. It is suitable as a textbook in special training courses in advanced NDE and aircraft materials characterization.
|
| 588 |
|
|
|a Description based on print version record.
|
| 650 |
|
0 |
|a Airplanes
|x Materials
|x Testing.
|
| 650 |
|
0 |
|a Nondestructive testing.
|
| 650 |
|
7 |
|a Aeronaves.
|2 larpcal
|
| 650 |
0 |
7 |
|a Flugzeug.
|2 swd
|
| 650 |
0 |
7 |
|a Werkstoffschädigung.
|2 swd
|
| 650 |
0 |
7 |
|a Zerstörungsfreie Werkstoffprüfung.
|2 swd
|
| 650 |
|
7 |
|a Airplanes
|x Materials
|x Testing.
|2 fast
|0 (OCoLC)fst00803297
|
| 650 |
|
7 |
|a Nondestructive testing.
|2 fast
|0 (OCoLC)fst01430903
|
| 655 |
|
7 |
|a Electronic books.
|2 local
|
| 700 |
1 |
|
|a Meyendorf, Norbert.
|
| 700 |
1 |
|
|a Nagy, P. B.
|q (Peter B.),
|d 1952-
|
| 700 |
1 |
|
|a Rokhlin, S. I.
|q (Stanislav I.)
|
| 710 |
2 |
|
|a SpringerLink (Online service)
|
| 776 |
1 |
8 |
|i Print version:
|t Nondestructive materials characterization
|z 3540405178
|w (DLC) 2003066676
|w (OCoLC)53183417
|
| 830 |
|
0 |
|a Springer series in materials science ;
|v v. 67.
|x 0933-033X
|
| 856 |
4 |
0 |
|u http://proxy.library.tamu.edu/login?url=https://link.springer.com/10.1007/978-3-662-08988-0
|z Connect to the full text of this electronic book
|t 0
|
| 994 |
|
|
|a 92
|b TXA
|
| 999 |
|
|
|a MARS
|
| 999 |
f |
f |
|s 44e074e0-23cb-30cd-b98d-15e2d17aaf66
|i 35187365-3804-354b-ace3-31b45bd3050b
|t 0
|
| 952 |
f |
f |
|a Texas A&M University
|b College Station
|c Electronic Resources
|s www_evans
|d Available Online
|t 0
|e TL698 .N68 2004eb
|h Library of Congress classification
|
| 998 |
f |
f |
|a TL698 .N68 2004eb
|t 0
|l Available Online
|